Chemical and engineering thermodynamics /

Guardado en:
Autor Principal: Sandler, Stanley I., 1940-
Formato: Libro
Idioma:English
Publicado: New York : Wiley, c1999.
Edición:3rd ed.
Materias:
Acceso en línea:Biografía del autor
Descripción
Tabla de contenido
Etiquetas: Agregar Etiqueta
Sin Etiquetas, Sea el primero en etiquetar este registro!
LEADER 01087pam a22002655a 4500
001 EIQ.libpla003295
008 980422s1999####nyua#####b####001#0#eng#d
005 20071121155158.0
245 1 0 |a Chemical and engineering thermodynamics /  |c Stanley I. Sandler. 
250 |a 3rd ed. 
260 |a New York :  |b Wiley,  |c c1999. 
300 |a xx, 772 p. :  |b il. ;  |c 26 cm. 
504 |a Incluye referencias bibliográficas e índice. 
020 |a 0471182109 (hardcover : alk. paper) 
100 1 |a Sandler, Stanley I.,  |d 1940- 
082 0 0 |a 541.3/69  |2 21 
650 4 |a Procesos  |x Thermodinámica. 
650 4 |a Processes  |x Thermodynamics. 
010 |a  98022946  
040 |a DLC  |c DLC  |d AR-BbSID 
856 4 2 |3 Biografía del autor  |u http://www.loc.gov/catdir/bios/wiley042/98022946.html 
856 4 2 |3 Descripción  |u http://www.loc.gov/catdir/description/wiley033/98022946.html 
856 4 |3 Tabla de contenido  |u http://www.loc.gov/catdir/toc/onix04/98022946.html 
859 |a AR-BbSID  |b BIB. PLAPIQUI  |h 541.369  |i Sa 56  |p 5300  |t Ej. 1  |v Ej. 1 
859 |a AR-BbSID  |b BIB. PLAPIQUI  |h 541.369  |i Sa 56  |p 5301  |t Ej. 2  |v Ej. 2